| 000 | 00848nam a2200265 a 4500 | ||
|---|---|---|---|
| 001 | vtls001193390 | ||
| 003 | NLI | ||
| 005 | 20210603151054.0 | ||
| 008 | 120328s1956 ii f001 0 eng d | ||
| 039 | 9 |
_y201203281648 _zVLOAD |
|
| 040 |
_a NLI _b eng _c Entertech IMP - 2012 _e AACR2 |
||
| 041 | 0 | _aeng | |
| 044 | _aii | ||
| 084 | _a171.A.2755 | ||
| 100 | 1 |
_aSastri, L. S. _9235233 |
|
| 245 | 1 | 4 |
_aThe army act : _bact xlvi of 1950 as amendment up to date with short illuminating comments / _cby L. S. Sastri |
| 260 |
_aAllahabad : _bLaw Book , _c1956 |
||
| 300 |
_avii, 51 p.; _c25 cm. |
||
| 887 | _a | ||
| 901 |
_a314576 : _b02.04.1957 |
||
| 902 | _a171.A.2755 | ||
| 942 |
_2ddc _cBKS |
||
| 949 |
_AVIRTUAITEM _D10000 _X100 _6IMP000314576 ENG |
||
| 999 |
_aVIRTUA _c463592 _d463592 |
||
| 999 | _aVTLSSORT0080*0400*0410*0440*0840*1000*2450*2600*3000*9010*9020*9490*9991 | ||